Регионална библиотека "Любен Каравелов" - Русе

За ефективността на учебно-тренировъчната и възпитателната работа в ученическите спортни школи (Запис номер 447085)

MARC детайли
000 -Лидер
Контролно поле с фиксирана дължина 01307nam a2200265 a 4500
003 - Код на организацията, давaща контролен номер
Контролно поле BLK
005 - Дата и час на последна редакция
Контролно поле 20230808085636.0
008 - Елементи от данни с фиксирана дължина
fixed length control field 220302b bul|||||r ||||||| ||bul||
040 ## - Източник на каталожния запис
Идентификатор на билиотеката - собственик на записа BLK
041 ## - Код за език
Код за езика на текст/звукозапис или на отделно заглавие Български
Код за езика КДБФ Български
080 ## - УДК
Текстов определител УДК Учащи се в спортни школи и училища. Студенти в институтите по физкултура и спорт и др.
УДК код - определител по УДК 796.077.5
УДК определител (062)
УДК - код + определител 796.077.5(062)
139 ## - Редно поле
Авторски знак Заб - З 12
245 10 - Сведения за заглавието
Заглавие За ефективността на учебно-тренировъчната и възпитателната работа в ученическите спортни школи
Подзаглавни данни Из добрия педагогически опит
Редно поле (дума) състав. Петко Бояджиев
Физически носител (вид на носителя) [Малотир. изд.]
260 ## - Област на издателските данни
Място на издаване, разпространение и проч. София
Име на издателя, разпространителя и проч. Министерство на народната просвета
Година на издаване 1982
9 (RLIN) 446542
300 ## - Физическа характеристика
Страници 140 с.
Размери/Мащаб 20 см
380 ## - Жанр
Жанр 793/799 Спорт
500 ## - Общи забележки
Забележка Ученическа спортна школа - Русе.
653 #7 - Ключова дума – ненормативна
9 (RLIN) 197175
Ключова дума спортни училища
653 #7 - Ключова дума – ненормативна
9 (RLIN) 199116
Ключова дума учебно-възпитателна работа
700 ## - Други автори (авторска отговорност)
Лично име Бояджиев, Петко
Автороска отговорност (Описва отношението между автора и произведението) състав.
9 (RLIN) 471159
852 ## - Местоположение
Фондова буква Краезнание
Систематично-азбучна сигнатура К 796/799/З-12
999 ## - СИСТЕМНИ КОНТРОЛНИ НОМЕРА
Koha biblionumber 447085
Koha biblioitemnumber 447085
942 ## - АРТИКУЛИ
Вид на библиотечния материал Книги
Скрит в OPAC Не
Периодичен библиозапис Да
Koha issues (borrowed), all copies 1
944 ## - СЪЗДАВАНЕ И РЕДАКЦИЯ на ЗАПИСА
Създаване/Редакция Създаване
Дата на регистрацията/редакция 2022-03-04
Служител, извършил регистрацията/редакцията 30570
Статус, дата на статуса Моника Янева
999 ## - СИСТЕМНИ КОНТРОЛНИ НОМЕРА
Koha biblioitemnumber 447085
Наличности
Код за отписване Код за изгубен артикул Източник на класификационната схема Код за повреда Коз за рестрикции Код за отдаване Артикулен № Име на библиотеката - собственик Име на библиотеката, в която се намира в момента Статус (Текущо местоположение) Дата на вписване в системата Местоположение - отдел Цена в лева Систематично азбучна сигнатура Баркод Цена в евро Служебен тип на артикула
  Не е изгубен Universal Decimal Classification Не е повреден само за читалня ползва се в читалня 874852 Регионална библиотека "Любен Каравелов" Русе Регионална библиотека "Любен Каравелов" Русе Краезнание 2022-03-11 Краезнание 2.00 К 796/799/З-12 120000867893 1.02 Книги
Vip Innovations Ltd, Rousse, Bulgaria 2025